000 00784nam a22002177a 4500
999 _c65353
_d65353
005 20240530110820.0
008 190115s1993 ua a f 000 0 ara d
017 _a14/0145
_bالسعودية . مكتبة الملك فهد الوطنية
040 _aEG-CaGPL
_cEG-CaGPL
082 0 4 _221
_a770 /
_bم ت
100 0 _aمصطفى بن محمد عيسى فلاته
245 1 2 _aالتصوير الضوئى فى التعليم والتدريب /
_cتأليف مصطفى بن محمد عيسى فلاته
250 _aط.1
260 _aالرياض :
_c1993.
300 _a287 ص. :
_bايض ؛
_c24 سم.
650 0 7 _2qrmak
_aالتصوير الضوئى
650 0 7 _aالتعليم
_2qrmak
651 _2qrmak
942 _2ddc
_cBK